Community Trivia - Statistics

General Stats
  • This quiz has been taken 665 times
  • The average score is 7 of 15
Answer Stats
Question Answer % Correct
Greendales astronautical program is sponsored by what? KFC Eleven Herbs and Spices
86%
Which member of the study group is a Jehovah's Witness Troy
86%
What food does Abed's Father sell? Falafel
80%
What object did Troy attempt to flip over, eventually causing his career ending injury? A Keg
76%
What Timeline is the Darkest Timeline? 1
73%
Which Star Trek actor sails around the world with Troy? Levar Burton
73%
What movie did Abed get signed by Christian Bale? The Dark Knight
66%
Name one character Troy has dressed up as for Halloween Ripley
57%
What is the name of the Sex Store Annie lives above? Dildopolis
38%
What does the City College Logo resemble? A Penis
29%
Name one poster in Abed's dorm Back to the Future
26%
What is the name of the room in Greendale where the air is completely neutral? The Room
22%
What is Blorgun for Thank You? Blogun
16%
What Level of neo-Buddhism had Pierce achieved by the time of his death? Level 5 Laser Lotus
9%
Who is the most hated inspector? Geneva
6%
No matching quizzes found
Score Distribution
Percent of People with Each Score
Percentile by Number Answered
Your Score History
You have not taken this quiz